00948nkm a2200241 a 450000100060000000300080000600500170001400800410003103500190007204000270009104100080011808200250012610000240015124500560017526000380023130000280026950000650029754001440036265000330050694200120053999900170055195201380056872050BD-RjUL20211209082215.0170513s1948 e | kneng d a(BD-RjUL)72266 aDLCcDLCbengdBD-RjUL aeng 223a530.15bSMJ 1948 aSmith, R.L.921310000aJames Clerk Maxwell, F.R.S. 1831-1879 /c R.L.Smith cLondon :aBritish Council,b1948. a34 p. :bill. ;c22 cm. aThis record contains unverified, old data from caption card. aRights status not evaluated. For general information see "Copyright and Other Restrictions ...,"uhttp://www.loc.gov/rr/print/195_copr.html aMathematical Physics9213101 2ddccBK c72050d72050 00102ddc40718NFICaRUCLbRUCLcReadingd1961-06-30eBritish Councill0o530.15 SMJ 1948r2017-05-13 00:00:00tC-1w2017-05-13yBK